MARC details
| 000 -LEADER |
| campo de control de longitud fija |
01390cam a2200349 a 4500 |
| 001 - NÚMERO DE CONTROL |
| campo de control |
003206 |
| 003 - IDENTIFICADOR DE NÚMERO DE CONTROL |
| campo de control |
OSt003206 |
| 005 - FECHA Y HORA DE LA ÚLTIMA TRANSACCIÓN |
| campo de control |
20181026010712.0 |
| 008 - DATOS DE LONGITUD FIJA--INFORMACIÓN GENERAL |
| campo de control de longitud fija |
150528s2016 ck gr 000 0 spa d |
| 020 ## - NÚMERO INTERNACIONAL ESTÁNDAR DEL LIBRO |
| Número Internacional Estándar del Libro |
9789587673449 |
| 043 ## - CÓDIGO DE ÁREA GEOGRÁFICA |
| Código de área geográfica |
s-ck--- |
| 082 04 - NÚMERO DE LA CLASIFICACIÓN DECIMAL DEWEY |
| Número de clasificación |
343C |
| Número de ítem |
C718c |
| Información de edición |
16 |
| 110 1# - ENTRADA PRINCIPAL--NOMBRE DE ENTIDAD CORPORATIVA |
| Nombre de entidad corporativa o nombre de jurisdicción como elemento de entrada |
Colombia. |
| 240 2# - TÍTULO UNIFORME |
| Título uniforme |
Leyes, decretos, etc. |
| 245 10 - MENCIÓN DEL TÍTULO |
| Título |
Código penal, Ley 599 de 2000 : |
| Resto del título |
códigos de procedimiento penal, Ley 906 de 2004 - Ley 600 de 2000 / |
| Mención de responsabilidad, etc. |
edición de actualización Diego Montoya Vacadíez ; coordinación Ligia González Chaves. |
| 246 38 - FORMA VARIANTE DEL TITULO |
| Título propio/Titulo breve |
Códigos de procedimiento penal, ley 906 de 2004 - ley 600 de 2000. |
| 250 ## - MENCION DE EDICION |
| Mención de edición |
16a. edición. |
| 260 ## - PUBLICACIÓN, DISTRIBUCIÓN, ETC. |
| Lugar de publicación, distribución, etc. |
Bogotá : |
| Nombre del editor, distribuidor, etc. |
Legis, |
| Fecha de publicación, distribución, etc. |
2016. |
| 300 ## - DESCRIPCIÓN FÍSICA |
| Extensión |
43, 744 páginas ; |
| Dimensiones |
21 cm. |
| 440 #0 - MENCIÓN DE SERIE/PUNTO DE ACCESO ADICIONAL--TÍTULO |
| Título |
Códigos Básicos. |
| 500 ## - NOTA GENERAL |
| Nota general |
Consulte el contenido también en internet. |
| 504 ## - NOTA DE BIBLIOGRAFÍA, ETC. |
| Nota de bibliografía, etc. Nota |
Incluye bibliografía e índice. |
| 505 0# - NOTA DE CONTENIDO CON FORMATO |
| Nota de contenido con formato |
Código penal, Ley 599 de 2000 - Código de procedimiento penal, Ley 906 de 2004 -- Código de procedimiento penal, Ley 600 de 2000 -- Suplemento. |
| 650 14 - PUNTO DE ACCESO ADICIONAL DE MATERIA--TÉRMINO DE MATERIA |
| Término de materia o nombre geográfico como elemento de entrada |
Derecho penal |
| Subdivisión general |
Legislación |
| Subdivisión geográfica |
Colombia |
| 650 14 - PUNTO DE ACCESO ADICIONAL DE MATERIA--TÉRMINO DE MATERIA |
| Término de materia o nombre geográfico como elemento de entrada |
Procedimiento penal |
| Subdivisión general |
Legislación |
| Subdivisión geográfica |
Colombia |
| 653 ## - TÉRMINO DE INDIZACIÓN--NO CONTROLADO |
| Término no controlado |
Ley 600 de 2000 |
| 653 ## - TÉRMINO DE INDIZACIÓN--NO CONTROLADO |
| Término no controlado |
Ley 599 de 2000 |
| 653 ## - TÉRMINO DE INDIZACIÓN--NO CONTROLADO |
| Término no controlado |
Ley 906 de 2004 |
| 700 1# - ENTRADA AGREGADA--NOMBRE PERSONAL |
| Nombre de persona |
Montoya Vacadíez, Diego Mauricio |
| Término indicativo de función/relación |
editor. |
| 700 1# - ENTRADA AGREGADA--NOMBRE PERSONAL |
| Nombre de persona |
González Chaves, Ligia, |
| Término indicativo de función/relación |
coordinadora. |
| 942 ## - ELEMENTOS DE ENTRADA SECUNDARIOS (KOHA) |
| Fuente del sistema de clasificación o colocación |
Clasificación Decimal Dewey |
| Tipo de ítem Koha |
Reserva |